| 000 | 00840nam a2200241 i 4500 | ||
|---|---|---|---|
| 001 | 11831 | ||
| 003 | KOSZ 005 | ||
| 005 | 20200624113906.0 | ||
| 008 | 080430s1965 pl a f 000 0 pol | ||
| 015 | _aPB 1965/1572 | ||
| 040 |
_aWA N _cKOSZ 005/KK _dKOSZ 005/KK |
||
| 080 | _a631 | ||
| 100 | 1 |
_aPabis, Stanisław _d(1925- ) _eAutor |
|
| 245 | 1 | 0 |
_aSuszenie płodów rolnych / _cStanisław Pabis. |
| 260 |
_aWarszawa : _bPaństwowe Wydawnictwo Rolnicze i Leśne, _c1965. |
||
| 300 |
_a315, [1] s., [2] k. tabl. : _bil. ; _c23 cm. |
||
| 380 | _aKsiążki. | ||
| 504 | _aBibliogr.przy rozdz. | ||
| 650 | 4 | _aSuszarnictwo | |
| 710 |
_aPaństwowe Wydawnictwo Rolnicze i Leśne _4pbl. |
||
| 856 |
_uhttp://koha.tu.koszalin.pl/cgi-bin/koha/opac-detail.pl?biblionumber=11831 _yKatalog online BPK |
||
| 942 |
_2UKD _cKS |
||
| 999 |
_c11831 _d11831 |
||